| 000 | 00495nam a2200193 a 4500 | ||
|---|---|---|---|
| 001 | 2123 | ||
| 005 | 20140414131846.0 | ||
| 008 | 001116s19uu xx 00 eng d | ||
| 020 | _a0-7500-8996-2 | ||
| 050 |
_aM 333.7 _bSa9 1991 |
||
| 245 | _aSave our world. | ||
| 260 | _c[n.d.]. | ||
| 300 | _a158 p. : col. ; cm. | ||
| 650 | _aWildlife conservations. | ||
| 650 | _aPollution. | ||
| 650 | _aEnvironmental protection. | ||
| 650 | _aConservation of natural resources. | ||
| 999 |
_c109957 _d109957 |
||